000 00406nam a22001817a 4500
999 _c11795
_d11795
003 OSt
008 230130b ||||| |||| 00| 0 eng d
020 _a9789332587601
082 _a339 BLM
100 _aBLANCHARD,Olivier
245 _aMacroeconomic
250 _a6th Ed
260 _aUP
_bPearson
_c2020
300 _a573
650 _aMacroeconomic
700 _aJOHNSON,David R
942 _2ddc
_cREF